[Event "Petrov Memorial op"]
[Site "St Petersburg"]
[Date "1998.??.??"]
[Round "4"]
[White "Panikarovsky, A."]
[Black "Shour, Janna"]
[Result "1-0"]
[WhiteElo "2380"]
[BlackElo "2210"]
[PlyCount "85"]
[EventDate "1998.02.??"]
[EventType "swiss"]
[EventRounds "9"]
[EventCountry "RUS"]
[SourceTitle "EXT 1999"]
[Source "ChessBase"]
[SourceDate "1998.11.16"]
[SourceVersion "1"]
[SourceVersionDate "1998.11.16"]
[SourceQuality "1"]

1. e4 e5 2. d4 exd4 3. Qxd4 Nc6 4. Qe3 g6 5. Nc3 Bg7 6. Bd2 d6 7. Bc4 Nd4 8. 0-0-0 Be6 9. Bxe6 Nxe6 10. Nge2 Ne7 11. Nd5 c6 12. Nxe7 Qxe7 13. Bc3 Bxc3 14. Nxc3 b6 15. Rhe1 0-0-0 16. f4 Rhe8 17. Qf3 Kb7 18. g3 Nc7 19. Qf2 Qf6 20. h4 h6 21. Rf1 d5 22. exd5 Nxd5 23. Nxd5 Rxd5 24. Rxd5 cxd5 25. Re1 Rxe1+ 26. Qxe1 h5 27. Qe3 Qd6 28. c3 Qd7 29. Qe5 Kc6 30. Kd2 a5 31. a4 b5 32. axb5+ Kxb5 33. b3 Kc5 34. Qd4+ Kd6 35. Qb6+ Ke7 36. Qxa5 Qh3 37. Qc5+ Kf6 38. Qxd5 Qh2+ 39. Kc1 Qg1+ 40. Kb2 Qf2+ 41. Ka3 Qa7+ 42. Kb4 Qb6+ 43. Kc4 1-0

[Event "Petrov Memorial op"]
[Site "St Petersburg"]
[Date "1998.??.??"]
[Round "8"]
[White "Panikarovsky, A."]
[Black "Zaiatz, Elena"]
[Result "0-1"]
[WhiteElo "2380"]
[BlackElo "2265"]
[PlyCount "118"]
[EventDate "1998.02.??"]
[EventType "swiss"]
[EventRounds "9"]
[EventCountry "RUS"]
[SourceTitle "EXT 1999"]
[Source "ChessBase"]
[SourceDate "1998.11.16"]
[SourceVersion "1"]
[SourceVersionDate "1998.11.16"]
[SourceQuality "1"]

1. e4 e5 2. d4 exd4 3. Qxd4 Nc6 4. Qe3 Nf6 5. Nc3 Bb4 6. Bd2 0-0 7. Bc4 Bxc3 8. Bxc3 Nxe4 9. 0-0-0 Nxc3 10. Qxc3 Ne7 11. f4 d5 12. Qf3 c6 13. Bd3 Bf5 14. g4 Bxd3 15. Qxd3 Ng6 16. Nh3 Qh4 17. Qg3 Qxg3 18. hxg3 f6 19. g5 fxg5 20. Nxg5 h6 21. Nf3 Rfe8 22. Rde1 Nh8 23. g4 Nf7 24. Nd4 Nd6 25. Ne6 Kf7 26. f5 Re7 27. Ref1 Ne4 28. Rhg1 Rg8 29. Nf4 Ng5 30. Nh5 Re3 31. b3 Rge8 32. Nf4 Nf3 33. Rg2 Re1+ 34. Rxe1 Rxe1+ 35. Kb2 Ng5 36. Nd3 Re7 37. Rf2 Kf6 38. Nf4 Re4 39. Nh5+ Kf7 40. Nf4 Kf6 41. Nh5+ Kf7 42. Nf4 Nh7 43. Ne6 Rxg4 44. Nd8+ Ke7 45. Nxb7 Nf6 46. Re2+ Ne4 47. c4 Rf4 48. Nc5 Rxf5 49. cxd5 cxd5 50. Nxe4 dxe4 51. Rxe4+ Kf6 52. Ra4 a5 53. b4 axb4 54. Rxb4 h5 55. a4 Ra5 56. Rb6+ Kf5 57. Kb3 h4 58. Kb4 Ra8 59. a5 h3 0-1

[Event "Cherepovets"]
[Site "Cherepovets"]
[Date "1997.??.??"]
[Round "1"]
[White "Panikarovsky, A."]
[Black "Lutsko, Igor"]
[Result "0-1"]
[WhiteElo "2335"]
[BlackElo "2410"]
[PlyCount "50"]
[EventDate "1997.??.??"]
[EventType "tourn"]
[EventRounds "11"]
[EventCountry "RUS"]
[SourceTitle "EXT 1999"]
[Source "ChessBase"]
[SourceDate "1998.11.16"]
[SourceVersion "1"]
[SourceVersionDate "1998.11.16"]
[SourceQuality "1"]

1. e4 c5 2. Nf3 d6 3. d4 cxd4 4. Nxd4 Nf6 5. Nc3 Nc6 6. Bg5 e6 7. Qd2 a6 8. 0-0-0 Bd7 9. Be2 h6 10. Bh4 Nxe4 11. Nxe4 Qxh4 12. Nxc6 Bxc6 13. Nxd6+ Bxd6 14. Qxd6 Qe7 15. Qxe7+ Kxe7 16. Rhg1 Rhd8 17. Rxd8 Rxd8 18. g3 g5 19. f4 f6 20. fxg5 hxg5 21. Rd1 Rh8 22. h4 gxh4 23. gxh4 Rxh4 24. Kd2 f5 25. Rg1 Kf6 0-1

[Event "Cherepovets"]
[Site "Cherepovets"]
[Date "1997.??.??"]
[Round "8"]
[White "Petkevich, Jusefs"]
[Black "Panikarovsky, A."]
[Result "1/2-1/2"]
[WhiteElo "2455"]
[BlackElo "2335"]
[PlyCount "29"]
[EventDate "1997.??.??"]
[EventType "tourn"]
[EventRounds "11"]
[EventCountry "RUS"]
[SourceTitle "EXT 1999"]
[Source "ChessBase"]
[SourceDate "1998.11.16"]
[SourceVersion "1"]
[SourceVersionDate "1998.11.16"]
[SourceQuality "1"]

1. d4 Nf6 2. c4 e6 3. Nc3 Bb4 4. e3 0-0 5. Nf3 c5 6. Bd3 d5 7. 0-0 Nc6 8. a3 Bxc3 9. bxc3 dxc4 10. Bxc4 Qc7 11. Ba2 e5 12. d5 Na5 13. c4 e4 14. Nd2 Bf5 15. Bb2 1/2-1/2